| 000 | 00628nam a2200181Ia 4500 | ||
|---|---|---|---|
| 008 | 100917s9999 xx 000 0 und d | ||
| 082 | _b28771 | ||
| 100 | _aदेवगिरीकर त्र्यंबक रघुनाथ - अनु. | ||
| 245 | _aभारतीय राज्य घटना | ||
| 260 |
_bचित्रशाळा प्रकाशन _c1961 |
||
| 300 | _a244 | ||
| 365 | _b5.5 | ||
| 520 | _aइतिहास | ||
| 630 | _aभारतीय राज्य घटना | ||
| 650 | _aइतिहास | ||
| 730 | _aभारतीय राज्य घटना | ||
| 942 | _cBOOK | ||
| 999 |
_c634165 _d634162 |
||